| 000 | 01072nam a2200229Ia 4500 | ||
|---|---|---|---|
| 999 |
_c56662 _d56662 |
||
| 001 | 23784 | ||
| 003 | GE_BSU | ||
| 005 | 20241028120527.0 | ||
| 008 | 181216s1989||||ge |||||||||||||| ||geo|| | ||
| 041 | _ageo | ||
| 080 | _a611.013(075.8) გ-23 | ||
| 100 |
_aგაჩეჩილაძე, ც. _917945 |
||
| 245 |
_aემბრიოლოგია : _bსახელმძღვ. სამედ. ინ-ტის სტუდენტებისათვის / _cვ. გაჩეჩილაძე, რედ. ე. ივანაშვილი |
||
| 264 |
_aთბილისი : _bგანათლება, _c1989. |
||
| 300 |
_a291 გვ. : _b 8 ფ. ილ. ; _c22 სმ. |
||
| 504 | _aბიბლიოგრ.: გვ. 289-290 | ||
| 653 | _aემბრიოლოგია | ||
| 653 | _aსახელმძღვ. სამედ. ინ-ტის სტუდენტებისათვის | ||
| 653 | _aმედიცინა | ||
| 700 |
_aივანაშვილი, ე _eრედაქტორი _95394 |
||
| 942 |
_cBK _2udc |
||